Quizzes
Events
Quiz Creation
Community
Videos
Private Events
Remove Ads
Sign In
Join for FREE
Feedback
Dark Mode
Quiz Categories
Sports
Geography
Music
Movies
Television
Just For Fun
Miscellaneous
History
Literature
Language
Science
Gaming
Entertainment
Religion
Holiday
For Kids
Quiz Lab
Recent
Popular Today
Quiz Kudos Today
Editor Picks
Curator Picks
Quizzes by...
Day
Popularity
Type
Ratings
Length
Year
Community
Subscriptions
Recent Discussions
Orange Saloon
Badges
Playlists
Quests
Create
Leaderboards
Showdown
Live 5
Trivia Bingo
Activity
Puzzle Library
Sporcle Events
Private Events
Virtual Trivia
Globe League
Become a Host
Pub Owners
SporcleCon
Opinionation
Our Games
Videos
Blog
Mobile Apps
Partnerships
Remove Ads and Go Orange
Feedback
Sports
Athletes
MLB
NBA
NHL
NFL
Soccer
Sports Teams
WWE
NCAA
Football
Premier League
Basketball
Baseball
Hockey
Golf
Tennis
Cricket
Rugby
Auto Racing
Olympics
World Cup
Sports
Athletes
MLB
NBA
NHL
NFL
Soccer
Sports Teams
WWE
NCAA
Football
Premier League
Basketball
Baseball
Hockey
Golf
Tennis
Cricket
Rugby
Auto Racing
Olympics
World Cup
Random Quiz
Search Sporcle
×
Quiz Lab
Quiz Lab
Sports
Football
Type in answers that appear in a list
Type in answers that appear in a list
Classic
Best Score? Go Orange.
Top 50 NFL Rushers of 2010 Stats
Can you name the Top 50 NFL Rushers of 2010?
By
12bball
6m
50 Questions
141 Plays
141 Plays
141 Plays
Comments
Comments
Give Quiz Kudos
Give Quiz Kudos
-
- Ratings
hide this ad
Replay
Link that replays current quiz
Next Quiz
Link to next quiz in quiz playlist
You Got
0%
They Got
Avg Score
71%
Avg Friend Score
Upgrade to see
Score Distribution
Jump to the score distribution portion of the page
Score
0/50
Timer
06:00
0
Plays Today
Team
Rusher
% Correct
Kansas City
Jamaal Charles
95.7%
Minnesota
Adrian Peterson
95.7%
Tennessee
Chris Johnson
95%
Saint Louis
Steven Jackson
94.3%
Buffalo
Fred Jackson
94.3%
Kansas City
Thomas Jones
94.3%
Dallas
Felix Jones
94.3%
Green Bay
Brandon Jackson
94.3%
Houston
Arian Foster
93.6%
Atlanta
Michael Turner
93.6%
Jacksonville
Maurice Jones-Drew
93.6%
Baltimore
Ray Rice
92.9%
San Francisco
Frank Gore
92.9%
Pittsburgh
Rashard Mendenhall
91.5%
Miami
Ricky Williams
91.5%
Oakland
Darren McFadden
90.8%
New York Giants
Ahmad Bradshaw
90.1%
New York Jets
LaDainian Tomlinson
90.1%
New York Giants
Brandon Jacobs
90.1%
Cleveland
Peyton Hillis
88.7%
New York Jets
Shonn Greene
88.7%
Philadelphia
LeSean McCoy
86.5%
Chicago
Matt Forte
86.5%
Cincinatti
Cedric Benson
85.8%
Miami
Ronnie Brown
84.4%
Team
Rusher
% Correct
Carolina
Jonathan Stewart
83%
New England
BenJarvus Green-Ellis
81.6%
Buffalo/
Seattle
Marshawn Lynch
81.6%
Oakland
Michael Bush
79.4%
Denver
Knowshon Moreno
78.7%
Arizona
Tim Hightower
78%
San Diego
Ryan Mathews
78%
Tampa Bay
LeGarrette Blount
74.5%
Detroit
Jahvid Best
69.5%
Philadelpia
Michael Vick
67.4%
New England/
New York Jets
Danny Woodhead
65.2%
San Diego
Mike Tolbert
61%
New Orleans
Chris Ivory
60.3%
Washington
Ryan Torain
48.2%
Seattle
Justin Forsett
46.1%
Tampa Bay
Cadillac Williams
29.8%
Carolina
DeAngelo Williams
29.8%
Indianapolis
Donald Brown
27%
Indianapolis
Joseph Addai
25.5%
Baltimore
Willis McGahee
24.8%
Dallas
Marion Barber
24.8%
Arizona
Beanie Wells
24.1%
Tampa Bay
Josh Freeman
14.9%
Jacksonville
Rashad Jennings
13.5%
Carolina
Mike Goodson
9.9%
Quiz Playlist
Details
Report
Send in Message
Add To Playlist
Classic:
Type in answers that appear in a list
Last Updated: Feb 16, 2017
Quiz Scoreboard
CHALLENGE
Sign Up to Join the Scoreboard
Show All
Scores
Hide
Comments
May contain spoilers
Recently Published
Presidents Visiting Landmarks
by Hejman
History
7m
An Introduction to Baseball
by treessimontrees
Sports
5m
Movies - When Are They Set?
by FPL_Elf
Movies
5m
More to Explore
Quiz From the Vault
Featured Blog Post
Where Did the Easter Bunny Come From?
hide this ad
You Might Also Like...
Tags
Football Quiz
NFL Quiz
100
2010
Rusher
Rushing Yards
Top 100
Yard
Today's Top Quizzes in Sports
Browse Sports
hide this ad
Today's Top Quizzes in Football
Browse Football
Top Contributed Quizzes in Sports
1
Les meilleurs buteurs des matchs entre le PSG et l’OM
2
2022 World Cup Stars
3
FIFA Club World Cup Champions
4
Les entraîneurs de l'OM et du PSG au 21e siècle
5
Name the Premier League winners with different clubs
6
La finale Lions - Afrique du Sud 2021
7
5-to-1: UK Sports Teams
8
England Test cricketers to play under Nasser Hussain
9
Players with Multiple 50 Home Run Seasons
10
AFC Teams Reveal (Wrong Answers Minefield)
Explore More
Trending Topics
Harry Potter
NBA
Kpop
Marvel
Disney
Anime
Crossword
The Office
Puzzle
WWE
Country
NFL
Song
Pokémon
Soccer
hide this ad
More By:
12bball
Quiz
Plays
Rating
Category
Featured
Created
Harry Potter Bunker
6,424,926
4.07
Literature
Jun 15, 2011
Complete the Disney Movie Title
877,537
4.34
Movies
May 1, 2012
Harry Potter Bunker III
380,688
4.16
Literature
Dec 24, 2011
Lord of the Rings Top 20 Minefield
334,595
3.57
Literature
Jul 20, 2012
Rhymes with 'Art'
273,618
4.35
Language
Dec 21, 2011
Go to Creator's Profile
Score Distribution
Quiz Creator Spotlight
12bball
Follow
Send a Message
Quizzes Created
-
Created Quiz Play Count
-
More By This Creator
Popular Quizzes Today
1
Find the US States - No Outlines Minefield
2
Find the Countries of Europe - No Outlines Minefield
3
The Countries of the World
4
Find the US States
5
Popular People in 1961
6
US States
7
Risky Map Clicking: Biggest States A-Z
8
Movies - When Are They Set?
More Sports Quizzes
Borussia Dortmund A to Z
Quiz Lab
Trending Quizzes
Risky Map Clicking: Least Populous States A-Z
1-10 Letter G Words
1-10 Letter F Words
Risky Map Clicking: Next State Alphabetically
Risky Map Clicking: Biggest States A-Z
Recently Updated
Leaping Animals
pecheneg
Reality TV Shows (A-Z)
bhenderson79
Rickey Henderson's Hall of Fame Teammates
pecheneg
Champions League XIs: Arsenal
pecheneg
Quick Pick: Celebrities in WWE's Hall of Fame
aduchscher
A-Z Keypad Blitz II
pecheneg
Multiple Oscar Actors
pecheneg
Mystery Phrase Blitz: Oscar 'Best Actors'
pecheneg
F. Scott Fitzgerald Novels
LTH
Pick 3 Villains
ddd62291
Trending Topics
Kpop
Crossword
Marvel
Anime
NBA
Disney
Harry Potter
Song
The Office
NFL
Puzzle
Soccer
WWE
Pokémon
Country
Your Account Isn't Verified!
In order to create a playlist on Sporcle, you need to verify the email address you used during registration. Go to your
Sporcle Settings
to finish the process.
Report this User
Report this user for behavior that violates our
Community Guidelines
.
Details:
Send Report
Go to the Sporcle.com Mobile Site →
Comments